000 00420nab a2200145Ia 4500
003 ES-SlBCS
005 20210601134620.0
008 140529s1982 xxu||||| |||| 00| 0 spa d
041 _aspa
100 1 _aOdorico, Luciano
_922579
245 0 0 _aLa mediación del Kairós en América Latina
_c Luciano Odorico
650 0 4 _aKairós
_946286
773 0 _tAnthropos
_gvol. 3, nº. 5, 1982, págs. 110-126
_wRev38
942 _cAR
999 _c615327
_d615327